Score 0/18 Timer 03:00
0 Plays Today
Haiku 5-Letter Word % Correct
Powder for the bread
Mix me in the bowl with eggs
Bake a loaf or two
FLOUR
96.8%
Rain for a long time
Water rises to the roofs
Better get my boat
FLOOD
96.3%
Flat beneath your feet
Look down and I will be there
Dance the night away
FLOOR
95.5%
Rides along the rails
Conductor is at the helm
Transcontinental
TRAIN
91.8%
Playing with the saw
Throwing caution to the wind
Look what gushes forth
BLOOD
90.8%
Use it to be smart
You'll need it while on Sporcle
Wrinkles are good here
BRAIN
90.7%
Butt of many jokes
Beauty has its downsides too
Hair can make you dumb
BLOND
88.7%
Twisted on your head
Making art out of the strands
Over and under
BRAID
88.4%
Cooking up a storm
Flavor unavailable
Need to add more salt
BLAND
88.1%
Haiku 5-Letter Word % Correct
Done with iron rods
A symbol of ownership
It'll make them moo
BRAND
87%
Circle on one's head
A regal necessity
Made of gold and jewels
CROWN
81%
Ready for a hike
Out into the wilderness
Use me as a guide
TRAIL
80%
My nose may be red
I will try to make you laugh
Some people fear me
CLOWN
79.5%
Prep the TNT
Press down on the plunger now
Nothing more remains
BLOWN
74.1%
Crayon in the box
Adorning trunks of oak trees
Stay inside the lines
BROWN
73.7%
Work out all the time
Consequence of big muscles
Not the sharpest tool
BRAWN
68.9%
Sitting at the bar
Some knucklehead spills my beer
I'll show him who's boss
BRAWL
65.2%
Fishing without poles
I want to catch some flounder
Drag the net down low
TRAWL
62.4%

Today's Daily Dose

Missing Word
I Hardly Know Her!

Word Ladder
Sentence Ending

Quick Pick
Female Firsts

Get the Picture
Triathlon Sports

Remove Ads.
Support Sporcle.
Get the best of Sporcle when you Go Orange. This ad-free experience offers more features, more stats, and more fun while also helping to support Sporcle. Thank you for becoming a member.

You're not logged in!

Compare scores with friends on all Sporcle quizzes.
OR
Log In

Show Comments

Extras

Top Quizzes Today


Score Distribution

Your Account Isn't Verified!

In order to create a playlist on Sporcle, you need to verify the email address you used during registration. Go to your Sporcle Settings to finish the process.

Report this User

Report this user for behavior that violates our Community Guidelines.

Details: